000 00362nam a2200169Ia 4500
003 IT-RoPAU
008 120407s9999 xx 000 0 und d
040 _aIT-RoPAU
040 _cIT-RoPAU
100 _aNatale Bussi
245 _aConcetto dinamico della Chiesa
250 _aAlba
260 _aEd. Domenicane
300 _c cm
490 _v1
942 _cBK
999 _c2871
_d2871